| 000 | 01194nam a2200301 i 4500 | ||
|---|---|---|---|
| 001 | 13885 | ||
| 003 | ES-MaACL | ||
| 005 | 20250821153252.0 | ||
| 007 | t| | ||
| 008 | 980720s1994 sp ||||l| spa d | ||
| 020 | _a84-88639-20-1 | ||
| 080 | _a873.3 Vives, Juan Luis 7 Exercitatio linguae latinae.06 | ||
| 080 | _a1 Vives, Juan Luis:37 | ||
| 080 | _a37:1 Vives, Juan Luis | ||
| 100 | 1 |
_aCalero, Francisco. _933652 |
|
| 245 | 1 | 4 |
_aLos diálogos (Linguae latinae exercitatio) de Juan Luis Vives / _cFrancisco Calero. |
| 260 |
_aValencia : _bAjuntament de Valencia, _c1994. |
||
| 300 |
_a206 p. ; _c22 cm. |
||
| 490 | 1 |
_aColección J.L. Vives ; _v3B |
|
| 500 | _aAcompaña a: Linguae latinae exercitatio / Juan Luis Vives. Valencia : Ajuntament, 1994 (Colección J.L. Vives ; 3A). Signatura en Biblioteca del Ateneo: L-21068. | ||
| 504 | _aBibliografía: p. 201-204. | ||
| 600 | 1 | 4 |
_aVives, Juan Luis. _tExercitatio linguae latinae. _9115579 |
| 600 | 1 | 4 |
_aVives, Juan Luis, _d1492-1540- _xPensamiento pedagógico _9115577 |
| 710 | 1 |
_aValencia. _bAyuntamiento. _97531 |
|
| 830 | 0 |
_aColección J.L. Vives ; _v3B _9179554 |
|
| 852 |
_aES-MaACL _jL-21069 |
||
| 999 |
_c13885 _d13885 |
||